[Event "CZE-chT2F 2122"]
[Site "Czech Republic"]
[Date "2021.12.05"]
[Round "4.3"]
[White "Stepan, Patrik"]
[Black "Vanek, Ladislav"]
[Result "1-0"]
[WhiteElo "2250"]
[BlackElo "2221"]
[PlyCount "141"]
[EventDate "2021.10.17"]
[EventType "team-tourn"]
[EventRounds "11"]
[EventCountry "CZE"]
[SourceTitle "EXT 2024"]
[Source "ChessBase"]
[SourceDate "2023.10.10"]
[SourceVersion "1"]
[SourceVersionDate "2023.10.10"]
[SourceQuality "1"]
[WhiteTeam "Frydek Mistek III"]
[BlackTeam "Litovel Tatran"]
[WhiteTeamCountry "CZE"]
[BlackTeamCountry "CZE"]

1. d4 Nf6 2. Nf3 e6 3. c4 b6 4. g3 Bb7 5. Bg2 Be7 6. 0-0 0-0 7. Nc3 Ne4 8. Bd2 Bf6 9. Rc1 c5 10. d5 Nd6 11. b3 Qe7 12. Re1 Na6 13. e4 e5 14. Re2 Nc7 15. Ne1 b5 16. Nd3 bxc4 17. Nxc5 Rab8 18. Be3 Na6 19. N3a4 cxb3 20. Nxb3 Nb5 21. Rec2 Rfc8 22. Rxc8+ Bxc8 23. Bf1 Qb4 24. Rc4 Qf8 25. Rc2 Qb4 26. Qc1 Bb7 27. Nac5 Nxc5 28. Nxc5 Nd6 29. Nxd7 Rd8 30. Nxf6+ gxf6 31. f3 Qa4 32. Bc5 Nb5 33. Rb2 Nd4 34. Rxb7 Nxf3+ 35. Kh1 Qxe4 36. Bg2 Qxd5 37. Rb1 Rc8 38. Qe3 Qxa2 39. Rf1 Nd2 40. Rd1 Qc2 41. Qxd2 Qxd2 42. Rxd2 Rxc5 43. Be4 Rc4 44. Rd8+ Kg7 45. Bf5 Rc7 46. Kg2 Rb7 47. Be4 Rc7 48. Kf3 Re7 49. Bf5 Rb7 50. Rd7 Rxd7 51. Bxd7 Kg6 52. Ke4 a5 53. h4 h6 54. Ba4 Kg7 55. Kf5 Kf8 56. Kxf6 e4 57. Ke5 e3 58. Bd1 a4 59. Kd4 a3 60. Kc3 Ke7 61. Bb3 Kf6 62. Kd3 Kf5 63. Kxe3 Kg4 64. Kf2 f5 65. Be6 Kh5 66. Kf3 Kg6 67. Kf4 Kf6 68. Bc4 Kg6 69. Ke5 Kh5 70. Kxf5 a2 71. Be2# 1-0

[Event "CZE-chT2F 2122"]
[Site "Czech Republic"]
[Date "2021.11.21"]
[Round "3.1"]
[White "Zavurka, Roman"]
[Black "Stepan, Patrik"]
[Result "0-1"]
[WhiteElo "2141"]
[BlackElo "2250"]
[PlyCount "90"]
[EventDate "2021.10.17"]
[EventType "team-tourn"]
[EventRounds "11"]
[EventCountry "CZE"]
[SourceTitle "EXT 2024"]
[Source "ChessBase"]
[SourceDate "2023.10.10"]
[SourceVersion "1"]
[SourceVersionDate "2023.10.10"]
[SourceQuality "1"]
[WhiteTeam "Prostejov"]
[BlackTeam "Frydek Mistek III"]
[WhiteTeamCountry "CZE"]
[BlackTeamCountry "CZE"]

1. d4 Nf6 2. Nf3 e6 3. e3 b6 4. Bd3 Bb7 5. Nbd2 c5 6. 0-0 Be7 7. c3 cxd4 8. exd4 0-0 9. Qe2 d6 10. Re1 h6 11. Nf1 Qc7 12. Ng3 Re8 13. Bf4 Nbd7 14. c4 Bf8 15. Qc2 e5 16. Bd2 Bxf3 17. gxf3 exd4 18. Nf5 Ne5 19. Nxd4 Rac8 20. Rac1 Nxd3 21. Qxd3 Rxe1+ 22. Bxe1 d5 23. b3 Bd6 24. Bd2 Qd7 25. Kg2 dxc4 26. Rxc4 Rxc4 27. Qxc4 Be5 28. Nc6 Qxd2 29. Nxe5 Qg5+ 30. Ng4 h5 31. Qc8+ Kh7 32. Qc2+ g6 33. h4 Qxh4 34. Nxf6+ Qxf6 35. Qc7 a5 36. f4 Qe6 37. Kh2 Kg7 38. f5 Qf6 39. Kg2 gxf5 40. Kf3 f4 41. Qxf4 Qc6+ 42. Ke3 Qc1+ 43. Kf3 Qxf4+ 44. Kxf4 Kg6 45. a4 Kf6 0-1

[Event "CZE-chT2F 1920"]
[Site "Czech Republic"]
[Date "2020.01.12"]
[Round "6.3"]
[White "Stepan, Patrik"]
[Black "Hampl, Pavel"]
[Result "1-0"]
[WhiteElo "2236"]
[BlackElo "1721"]
[PlyCount "67"]
[EventDate "2019.10.13"]
[EventType "team-tourn"]
[EventRounds "11"]
[EventCountry "CZE"]
[SourceTitle "EXT 2024"]
[Source "ChessBase"]
[SourceDate "2023.10.10"]
[SourceVersion "1"]
[SourceVersionDate "2023.10.10"]
[SourceQuality "1"]
[WhiteTeam "Frydek Mistek  III"]
[BlackTeam "Litovel Tatran"]
[WhiteTeamCountry "CZE"]
[BlackTeamCountry "CZE"]

1. d4 Nf6 2. c4 e6 3. Nf3 b6 4. g3 d5 5. Bg2 c5 6. Nc3 Bb7 7. 0-0 Be7 8. Ne5 0-0 9. dxc5 Bxc5 10. Bg5 h6 11. Bxf6 Qxf6 12. Nd3 Bd4 13. cxd5 e5 14. Nb5 Nd7 15. e4 Ba6 16. Nxd4 exd4 17. Re1 Bxd3 18. Qxd3 Ne5 19. Qd1 Nd7 20. f4 b5 21. Rc1 Rac8 22. Bh3 Rxc1 23. Qxc1 Nb6 24. Qc5 d3 25. e5 Qg6 26. Qd4 Nc4 27. b3 d2 28. Rf1 Qc2 29. bxc4 bxc4 30. e6 Qc1 31. e7 Rb8 32. d6 c3 33. d7 Qxf1+ 34. Bxf1 1-0

[Event "CZE-chT2F 1920"]
[Site "Czech Republic"]
[Date "2019.12.01"]
[Round "4.3"]
[White "Stepan, Patrik"]
[Black "Orzechowski, Jacek"]
[Result "1/2-1/2"]
[WhiteElo "2232"]
[BlackElo "2155"]
[PlyCount "85"]
[EventDate "2019.10.13"]
[EventType "team-tourn"]
[EventRounds "11"]
[EventCountry "CZE"]
[SourceTitle "EXT 2024"]
[Source "ChessBase"]
[SourceDate "2023.10.10"]
[SourceVersion "1"]
[SourceVersionDate "2023.10.10"]
[SourceQuality "1"]
[WhiteTeam "Frydek Mistek  III"]
[BlackTeam "Ostrava Labortech II"]
[WhiteTeamCountry "CZE"]
[BlackTeamCountry "CZE"]

1. d4 d5 2. c4 c6 3. Nf3 Nf6 4. Nc3 g6 5. cxd5 cxd5 6. Qb3 Nc6 7. Bg5 Na5 8. Qa4+ Bd7 9. Qd1 Ne4 10. Nxe4 dxe4 11. Nd2 Qb6 12. Nxe4 Qxb2 13. e3 Qb4+ 14. Qd2 Qxd2+ 15. Nxd2 Rc8 16. Bd3 Bg7 17. Ke2 f6 18. Bh4 Kf7 19. Rhc1 Be6 20. f3 f5 21. Bf2 Rhd8 22. g3 g5 23. f4 g4 24. Rab1 b6 25. a3 Kg6 26. Ba6 Rxc1 27. Rxc1 Kf7 28. Kd3 Rd7 29. Be1 h5 30. Rc3 Nb7 31. Bb5 Rd8 32. Rc7 Nd6 33. Bc6 Rc8 34. Rxc8 Bxc8 35. Nb1 Ba6+ 36. Kc3 e6 37. Nd2 Bf8 38. a4 Be7 39. Kb3 Bd3 40. Bf2 Bf6 41. Be1 Be7 42. Bf2 Bd8 43. Be1 1/2-1/2

[Event "CZE-chT2F 1920"]
[Site "Czech Republic"]
[Date "2019.11.17"]
[Round "3.2"]
[White "Stepan, Patrik"]
[Black "Wiewiora, Eneasz"]
[Result "1/2-1/2"]
[WhiteElo "2212"]
[BlackElo "2296"]
[PlyCount "260"]
[EventDate "2019.10.13"]
[EventType "team-tourn"]
[EventRounds "11"]
[EventCountry "CZE"]
[SourceTitle "EXT 2024"]
[Source "ChessBase"]
[SourceDate "2023.10.10"]
[SourceVersion "1"]
[SourceVersionDate "2023.10.10"]
[SourceQuality "1"]
[WhiteTeam "Frydek Mistek  III"]
[BlackTeam "Havirov Slovan"]
[WhiteTeamCountry "CZE"]
[BlackTeamCountry "CZE"]

1. d4 Nf6 2. c4 g6 3. Nc3 d5 4. cxd5 Nxd5 5. e4 Nxc3 6. bxc3 Bg7 7. Bc4 0-0 8. Ne2 c5 9. 0-0 Nc6 10. Be3 Qc7 11. Rc1 b6 12. dxc5 bxc5 13. Qa4 Ne5 14. Bf4 Bd7 15. Qc2 Qa5 16. Bxe5 Bxe5 17. f4 Bg7 18. e5 Bf5 19. Qd2 Qa4 20. Bb3 Qa6 21. Ng3 Rfd8 22. Qe3 Bd3 23. Rf2 c4 24. Bd1 e6 25. Bf3 Rab8 26. Ne4 Bxe4 27. Bxe4 Qa3 28. Rfc2 Bf8 29. Qe2 Qc5+ 30. Kh1 a5 31. h4 a4 32. h5 a3 33. g3 Rb2 34. hxg6 hxg6 35. Rxb2 axb2 36. Rb1 Rb8 37. Kg2 Qb5 38. Qg4 Qd7 39. Qe2 Ba3 40. Rd1 Qc7 41. Bb1 Kg7 42. Rd4 Rc8 43. Qd1 Qa5 44. Qf3 Rd8 45. Qe4 Rxd4 46. Qxd4 Qa8+ 47. Qe4 Qa4 48. Qd4 Qb5 49. Kf1 Bc5 50. Qe4 Bb6 51. Ke2 Qc5 52. Qd4 Qxd4 53. cxd4 Bxd4 54. Kf3 Bc5 55. Ke4 Kf8 56. Bc2 Ke7 57. Kf3 Kd7 58. g4 Kc6 59. Be4+ Kb5 60. Ke2 Bd4 61. Kd1 Be3 62. f5 g5 63. Kc2 Bd4 64. fxe6 fxe6 65. Bg6 Kc5 66. a4 Kd5 67. a5 Kxe5 68. Bf7 c3 69. a6 Kd6 70. Bg6 e5 71. Be4 Kc7 72. a7 Bxa7 73. Kxc3 Bd4+ 74. Kb4 Kb6 75. Bc2 Kc6 76. Be4+ Kd6 77. Kc4 Kc7 78. Kb5 Be3 79. Kc4 Kb6 80. Kb4 Bd2+ 81. Kc4 Ka5 82. Bc2 Bc1 83. Kc5 Be3+ 84. Kc4 Bd4 85. Be4 Ka4 86. Bc2+ Ka3 87. Bb1 Be3 88. Kc3 Bf4 89. Kc2 e4 90. Kc3 e3 91. Kd3 Kb4 92. Ke2 Kc3 93. Bh7 Kd4 94. Bb1 Bc7 95. Bh7 Bb6 96. Bb1 Bc5 97. Bh7 Ke5 98. Kf3 Ba7 99. Bg6 Kd5 100. Bb1 Kc4 101. Ke2 Kb3 102. Kd3 Bb6 103. Ke2 Kc3 104. Bh7 Kc4 105. Bg6 Kd5 106. Bb1 Ke6 107. Bc2 Ke5 108. Kf3 Kd4 109. Bb1 Kc3 110. Ke2 Bd4 111. Bf5 Kb3 112. Bb1 Ka3 113. Kd3 Bc5 114. Ke2 Bb6 115. Kd3 Bd4 116. Ke2 Kb3 117. Kd3 Kb4 118. Ke2 Kc4 119. Ba2+ Kc5 120. Bb1 Kc4 121. Ba2+ Kc5 122. Bb1 Kd5 123. Bh7 Ke5 124. Kf3 Ba7 125. Bb1 Kd4 126. Ke2 Kd5 127. Bh7 Ke5 128. Kf3 e2 129. Kxe2 Kf4 130. Bf5 Bd4 1/2-1/2

[Event "Pardubice Czech op-A 30th"]
[Site "Pardubice"]
[Date "2019.07.25"]
[Round "7"]
[White "Stepan, Patrik"]
[Black "Jablonicky, Martin"]
[Result "0-1"]
[WhiteElo "2221"]
[BlackElo "2378"]
[PlyCount "90"]
[EventDate "2019.07.19"]
[EventType "swiss"]
[EventRounds "9"]
[EventCountry "CZE"]
[SourceTitle "CBM 191"]
[Source "ChessBase"]
[SourceDate "2019.08.31"]
[SourceVersion "1"]
[SourceVersionDate "2019.08.31"]
[SourceQuality "1"]

1. d4 Nf6 2. c4 e6 3. Nf3 c5 4. d5 exd5 5. cxd5 d6 6. Nc3 g6 7. Nd2 Nbd7 8. e4 Bg7 9. Be2 0-0 10. 0-0 Re8 11. Re1 Ne5 12. h3 g5 13. Nf1 g4 14. f4 gxf3 15. Bxf3 a6 16. a4 Bd7 17. a5 b5 18. axb6 Qxb6 19. Ra2 Reb8 20. Be2 Qb4 21. Qc2 a5 22. Bf4 Ne8 23. g4 a4 24. Rea1 Ng6 25. Bd2 Qd4+ 26. Be3 Qf6 27. Qd2 Nh4 28. Nh2 Rb3 29. Bf2 Ng6 30. Bd1 Rb4 31. Bxa4 Bxa4 32. Rxa4 Raxa4 33. Rxa4 Nf4 34. Ra8 Kf8 35. Bg3 Nxh3+ 36. Kg2 Bh6 37. Qe2 Nf4+ 38. Bxf4 Bxf4 39. Nf1 Qe5 40. Qc2 Kg7 41. Nd2 Qg5 42. Rxe8 Qxg4+ 43. Kf1 Qh3+ 44. Ke2 Qg2+ 45. Kd1 Rd4 0-1

[Event "CZE-chT2F 1819"]
[Site "Czech Republic"]
[Date "2018.12.02"]
[Round "4.1"]
[White "Havelka, Ondrej"]
[Black "Stepan, Patrik"]
[Result "1-0"]
[WhiteElo "2156"]
[BlackElo "2241"]
[PlyCount "87"]
[EventDate "2018.10.14"]
[EventType "team-tourn"]
[EventRounds "11"]
[EventCountry "CZE"]
[SourceTitle "EXT 2022"]
[Source "ChessBase"]
[SourceDate "2021.10.06"]
[SourceVersion "1"]
[SourceVersionDate "2021.10.06"]
[SourceQuality "1"]
[WhiteTeam "Dobra"]
[BlackTeam "Frydek Mistek III"]
[WhiteTeamCountry "CZE"]
[BlackTeamCountry "CZE"]

1. d4 Nf6 2. c4 e6 3. e3 Bb4+ 4. Nd2 0-0 5. Ngf3 d5 6. Bd3 b6 7. 0-0 Bb7 8. a3 Bd6 9. b4 c5 10. Rb1 Qc7 11. bxc5 bxc5 12. dxc5 Bxc5 13. cxd5 exd5 14. Bb2 Nbd7 15. Nb3 Bb6 16. Nbd4 Nc5 17. Nf5 Qd8 18. Ng5 Nce4 19. h4 h6 20. Nh3 Bc8 21. Qf3 Bxf5 22. Qxf5 Qc8 23. Qxc8 Raxc8 24. Rfc1 Rxc1+ 25. Rxc1 Rd8 26. Bd4 Bxd4 27. exd4 Rb8 28. Nf4 Nd2 29. Rc7 g5 30. hxg5 hxg5 31. Nh3 Rb3 32. Bc2 Rxa3 33. Nxg5 Nfe4 34. Nxf7 Ra1+ 35. Kh2 Nf1+ 36. Kh3 Nxf2+ 37. Kh4 Ne4 38. Nh6+ Kf8 39. Bxe4 dxe4 40. d5 e3 41. d6 Rd1 42. Rxa7 Rxd6 43. Ra8+ Ke7 44. Nf5+ 1-0

[Event "CZE-chT2F 1819"]
[Site "Czech Republic"]
[Date "2018.11.04"]
[Round "2.1"]
[White "Szwed, Jacek"]
[Black "Stepan, Patrik"]
[Result "0-1"]
[WhiteElo "2395"]
[BlackElo "2249"]
[PlyCount "136"]
[EventDate "2018.10.14"]
[EventType "team-tourn"]
[EventRounds "11"]
[EventCountry "CZE"]
[SourceTitle "EXT 2022"]
[Source "ChessBase"]
[SourceDate "2021.10.06"]
[SourceVersion "1"]
[SourceVersionDate "2021.10.06"]
[SourceQuality "1"]
[WhiteTeam "Trinec II"]
[BlackTeam "Frydek Mistek III"]
[WhiteTeamCountry "CZE"]
[BlackTeamCountry "CZE"]

1. e4 c5 2. Nf3 d6 3. d4 cxd4 4. Nxd4 Nf6 5. Nc3 a6 6. g3 e6 7. Bg2 Nc6 8. Nxc6 bxc6 9. e5 Nd5 10. exd6 Bxd6 11. Ne4 Be7 12. c4 Nb4 13. Qxd8+ Kxd8 14. 0-0 e5 15. Ng5 Bxg5 16. Bxg5+ Kc7 17. Bd2 a5 18. f4 Be6 19. fxe5 Rhd8 20. Bg5 Rd7 21. b3 h6 22. Bc1 Nd3 23. Ba3 Nxe5 24. Bb2 Ng4 25. Rae1 Rg8 26. Bc3 a4 27. bxa4 h5 28. h3 Nf6 29. Rb1 Rc8 30. Rfc1 Rd3 31. Be5+ Kd8 32. Rd1 Rxd1+ 33. Rxd1+ Ke7 34. Bd6+ Kd8 35. Rc1 Nd7 36. c5 Bd5 37. Bxd5 cxd5 38. c6 Nf6 39. Be5 Ne4 40. g4 hxg4 41. hxg4 f6 42. Bh2 Nd2 43. Kg2 Nc4 44. c7+ Kd7 45. Re1 Ne5 46. Rd1 Ke6 47. Rc1 Kd7 48. Rd1 Kd6 49. g5 Rxc7 50. gxf6 Rc2+ 51. Kh3 gxf6 52. Rb1 Rxa2 53. Rb6+ Ke7 54. Rb7+ Ke6 55. Rb6+ Kf5 56. Rd6 Ke4 57. Bg3 f5 58. Bxe5 Kxe5 59. Ra6 d4 60. Kg3 d3 61. Kf3 Re2 62. Ra8 Re4 63. Rd8 Rd4 64. Re8+ Kd5 65. Rd8+ Kc4 66. Rc8+ Kb3 67. Rb8+ Ka2 68. Ke3 d2 0-1

[Event "CZE-chT2F 1819"]
[Site "Czech Republic"]
[Date "2018.10.14"]
[Round "1.1"]
[White "Stepan, Patrik"]
[Black "Butkiewicz, Lukasz"]
[Result "1/2-1/2"]
[WhiteElo "2245"]
[BlackElo "2444"]
[PlyCount "73"]
[EventDate "2018.10.14"]
[EventType "team-tourn"]
[EventRounds "11"]
[EventCountry "CZE"]
[SourceTitle "EXT 2022"]
[Source "ChessBase"]
[SourceDate "2021.10.06"]
[SourceVersion "1"]
[SourceVersionDate "2021.10.06"]
[SourceQuality "1"]
[WhiteTeam "Frydek Mistek III"]
[BlackTeam "Vrbno pod Pradedem"]
[WhiteTeamCountry "CZE"]
[BlackTeamCountry "CZE"]

1. d4 Nf6 2. c4 e6 3. Nf3 c5 4. d5 exd5 5. cxd5 d6 6. Nc3 g6 7. Nd2 Bg7 8. e4 0-0 9. Be2 Re8 10. 0-0 b6 11. a4 a6 12. Re1 Nbd7 13. h3 Rb8 14. Qc2 Qe7 15. Ra3 Bh6 16. Nf1 Bxc1 17. Qxc1 Rd8 18. Qc2 Ne8 19. Ne3 Nc7 20. Rb3 Bb7 21. f4 Ba8 22. Bc4 Re8 23. Qd3 Qf6 24. g3 Qd4 25. Rd1 Qxd3 26. Bxd3 Red8 27. Kf2 Nf6 28. Kf3 Kf8 29. g4 Nd7 30. g5 Kg7 31. h4 h6 32. Rh1 hxg5 33. hxg5 Rb7 34. Nc4 Ne8 35. Ne3 Nc7 36. Nc4 Ne8 37. Ne3 1/2-1/2

[Event "Stare Mesto op"]
[Site "Stare Mesto"]
[Date "2018.08.21"]
[Round "4"]
[White "Zpevakova, Jana"]
[Black "Stepan, Patrik"]
[Result "0-1"]
[WhiteElo "2088"]
[BlackElo "2241"]
[PlyCount "64"]
[EventDate "2018.08.18"]
[EventType "swiss"]
[EventRounds "9"]
[EventCountry "CZE"]
[SourceTitle "CBM 186 Extra"]
[Source "ChessBase"]
[SourceDate "2018.08.24"]
[SourceVersion "1"]
[SourceVersionDate "2018.08.24"]
[SourceQuality "1"]

1. d4 Nf6 2. c4 e6 3. Nf3 b6 4. g3 Ba6 5. b3 Bb4+ 6. Bd2 Be7 7. Bg2 c6 8. 0-0 d5 9. Ne5 Nfd7 10. Nxd7 Nxd7 11. Bc3 0-0 12. Nd2 f5 13. a4 Nf6 14. Qc2 Bd6 15. a5 Qe7 16. Bb2 Rfc8 17. axb6 axb6 18. Rfc1 Bb7 19. c5 Rxa1 20. Bxa1 bxc5 21. dxc5 Bc7 22. f3 f4 23. gxf4 Bxf4 24. Qd3 Qc7 25. h3 Ba6 26. Qxa6 Bxd2 27. Bxf6 Bxc1 28. Bd4 Rb8 29. Qa1 Bf4 30. e3 e5 31. exf4 exd4 32. Qxd4 Rxb3 0-1

[Event "Pardubice Czech op-A 29th"]
[Site "Pardubice"]
[Date "2018.07.24"]
[Round "5"]
[White "Chovan, Milan"]
[Black "Stepan, Patrik"]
[Result "1/2-1/2"]
[WhiteElo "2331"]
[BlackElo "2217"]
[PlyCount "102"]
[EventDate "2018.07.20"]
[EventType "swiss"]
[EventRounds "9"]
[EventCountry "CZE"]
[SourceTitle "CBM 185 Extra"]
[Source "ChessBase"]
[SourceDate "2018.07.29"]
[SourceVersion "1"]
[SourceVersionDate "2018.07.29"]
[SourceQuality "1"]

1. d4 Nf6 2. c4 e6 3. Nc3 Bb4 4. Qc2 0-0 5. a3 Bxc3+ 6. Qxc3 d5 7. Bg5 dxc4 8. Qxc4 b6 9. Nf3 Ba6 10. Qa4 c5 11. dxc5 bxc5 12. Rd1 Qb6 13. Bxf6 gxf6 14. Rd2 Nc6 15. e3 Bxf1 16. Kxf1 Rad8 17. Ke2 Rxd2+ 18. Nxd2 Rd8 19. Nc4 Qb7 20. f3 Ne5 21. Rb1 Qd5 22. Nxe5 Qd2+ 23. Kf1 fxe5 24. Qg4+ Kf8 25. Qe4 Rd5 26. Qxh7 Qxe3 27. Re1 Qb3 28. Qh8+ Ke7 29. Qh4+ Ke8 30. Qf2 Rd1 31. Rxd1 Qxd1+ 32. Qe1 Qd4 33. Qc3 c4 34. g3 f5 35. Qxd4 exd4 36. f4 e5 37. fxe5 Ke7 38. Ke2 Ke6 39. Kd2 Kxe5 40. a4 f4 41. gxf4+ Kxf4 42. a5 Kg4 43. a6 Kh3 44. Kc2 Kxh2 45. b3 cxb3+ 46. Kxb3 Kg3 47. Kc4 Kf4 48. Kxd4 Kf5 49. Kd5 Kf6 50. Kd6 Kf7 51. Kd7 Kf8 1/2-1/2

[Event "CZE-ch"]
[Site "Ostrava"]
[Date "2018.05.05"]
[Round "8"]
[White "Cerveny, Petr"]
[Black "Stepan, Patrik"]
[Result "1-0"]
[WhiteElo "2315"]
[BlackElo "2207"]
[PlyCount "83"]
[EventDate "2018.04.28"]
[EventType "swiss"]
[EventRounds "9"]
[EventCountry "CZE"]
[SourceTitle "CBM 184 Extra"]
[Source "ChessBase"]
[SourceDate "2018.06.28"]
[SourceVersion "1"]
[SourceVersionDate "2018.06.28"]
[SourceQuality "1"]

1. e4 c5 2. Nf3 d6 3. Bb5+ Nd7 4. 0-0 a6 5. Bd3 Ngf6 6. Re1 e6 7. c3 b5 8. Bc2 Bb7 9. d4 Be7 10. Nbd2 0-0 11. Nf1 Qc7 12. Ng3 cxd4 13. cxd4 Rac8 14. Bd3 Rfe8 15. Bd2 e5 16. d5 Nc5 17. Bc2 g6 18. Rc1 Bf8 19. h3 Bg7 20. Nh2 h5 21. Qf3 a5 22. Nhf1 Nfd7 23. Nxh5 gxh5 24. Ng3 Nf8 25. Nf5 Ng6 26. Qxh5 Nd7 27. Bd3 Qb6 28. Qe2 Rxc1 29. Rxc1 Rc8 30. Bxb5 Rxc1+ 31. Bxc1 Nc5 32. Be3 Bc8 33. a4 Qc7 34. Qg4 Kf8 35. h4 Bxf5 36. exf5 Nf4 37. h5 Bf6 38. h6 Qd8 39. h7 Ke7 40. Qg8 Ne4 41. g3 Nxd5 42. Bc4 1-0

[Event "Pobeskydy op"]
[Site "Frydek Mistek"]
[Date "2018.04.02"]
[Round "9"]
[White "Rabatin, Jakub"]
[Black "Stepan, Patrik"]
[Result "1-0"]
[WhiteElo "2285"]
[BlackElo "2226"]
[PlyCount "67"]
[EventDate "2018.03.29"]
[EventType "swiss"]
[EventRounds "9"]
[EventCountry "CZE"]
[SourceTitle "CBM 183 Extra"]
[Source "ChessBase"]
[SourceDate "2018.04.19"]
[SourceVersion "1"]
[SourceVersionDate "2018.04.19"]
[SourceQuality "1"]

1. e4 c5 2. Nf3 d6 3. d4 cxd4 4. Nxd4 Nf6 5. Nc3 a6 6. g3 e5 7. Nde2 Be7 8. Bg2 0-0 9. 0-0 Be6 10. h3 Nbd7 11. Be3 b5 12. a4 b4 13. Nd5 Bxd5 14. exd5 Qa5 15. f4 Rac8 16. fxe5 Nxe5 17. b3 Bd8 18. Kh1 Re8 19. Qd2 Bb6 20. Bxb6 Qxb6 21. Rxf6 gxf6 22. Nd4 Ng6 23. Rf1 Rc3 24. Rxf6 Rce3 25. Rf1 Rxg3 26. Nf5 Ree3 27. Kh2 Rxg2+ 28. Kxg2 Re5 29. Nh6+ Kg7 30. Rxf7+ Kh8 31. Ng4 Rh5 32. Qe2 Qd8 33. Qe6 Ne5 34. Re7 1-0

[Event "Pobeskydy op"]
[Site "Frydek Mistek"]
[Date "2018.03.29"]
[Round "2"]
[White "Pilch, Roman"]
[Black "Stepan, Patrik"]
[Result "1/2-1/2"]
[WhiteElo "2134"]
[BlackElo "2226"]
[PlyCount "156"]
[EventDate "2018.03.29"]
[EventType "swiss"]
[EventRounds "9"]
[EventCountry "CZE"]
[SourceTitle "CBM 183 Extra"]
[Source "ChessBase"]
[SourceDate "2018.04.19"]
[SourceVersion "1"]
[SourceVersionDate "2018.04.19"]
[SourceQuality "1"]

1. Nf3 Nf6 2. c4 e6 3. g3 d5 4. Bg2 dxc4 5. Qa4+ Bd7 6. Qxc4 c5 7. Nc3 Nc6 8. 0-0 Rc8 9. d3 Be7 10. Qf4 0-0 11. Bd2 h6 12. h4 a6 13. Rfc1 b5 14. Be1 Qb6 15. Rab1 Rfd8 16. a3 Nd5 17. Nxd5 exd5 18. e4 Be6 19. b4 dxe4 20. dxe4 cxb4 21. axb4 Nd4 22. Nxd4 Qxd4 23. Rxc8 Rxc8 24. Qd2 Qxd2 25. Bxd2 Rc2 26. Be1 Ba2 27. Ra1 Bf6 28. Rd1 Bc4 29. Rb1 Re2 30. Bf3 Ra2 31. Kg2 Kf8 32. Rd1 Ke7 33. Bg4 Be6 34. Kh3 h5 35. Bxe6 Kxe6 36. f4 g6 37. Rd3 Re2 38. Ra3 Rxe1 39. Rxa6+ Ke7 40. e5 Bg7 41. Rb6 f6 42. Rb7+ Kf8 43. exf6 Bxf6 44. Rxb5 Kg7 45. f5 gxf5 46. Rxf5 Kg6 47. Rd5 Be5 48. Rd8 Rb1 49. Rg8+ Bg7 50. Rb8 Rb3 51. Rb5 Bf6 52. Rb6 Kf5 53. Rb8 Ke4 54. Rb6 Be5 55. Rg6 Rxb4 56. Rg5 Rb3 57. Kg2 Rb2+ 58. Kh3 Rb3 59. Kg2 Bd6 60. Rg6 Bb8 61. Rg5 Rd3 62. Rg8 Bc7 63. Rg5 Bd6 64. Rg8 Be5 65. Rg5 Re3 66. Rg8 Re2+ 67. Kh3 Kf3 68. Rf8+ Ke4 69. Rg8 Rf2 70. Rg5 Rf3 71. Kg2 Ra3 72. Kh3 Bf4 73. Rg8 Bd6 74. Rg6 Rd3 75. Kg2 Rd5 76. Rg5 Rxg5 77. hxg5 Kf5 78. g6 Kxg6 1/2-1/2

[Event "Pobeskydy op"]
[Site "Frydek Mistek"]
[Date "2018.03.29"]
[Round "1"]
[White "Stepan, Patrik"]
[Black "Kuchar, Matej"]
[Result "1/2-1/2"]
[WhiteElo "2226"]
[BlackElo "2089"]
[PlyCount "42"]
[EventDate "2018.03.29"]
[EventType "swiss"]
[EventRounds "9"]
[EventCountry "CZE"]
[SourceTitle "CBM 183 Extra"]
[Source "ChessBase"]
[SourceDate "2018.04.19"]
[SourceVersion "1"]
[SourceVersionDate "2018.04.19"]
[SourceQuality "1"]

1. e4 c6 2. d4 d5 3. Nc3 dxe4 4. Nxe4 Bf5 5. Ng3 Bg6 6. h4 h6 7. Nf3 Nd7 8. h5 Bh7 9. Bd3 Bxd3 10. Qxd3 e6 11. Bd2 Ngf6 12. 0-0-0 Be7 13. Ne4 Nxe4 14. Qxe4 Nf6 15. Qe2 0-0 16. Kb1 Qd5 17. Ne5 Qe4 18. Qxe4 Nxe4 19. Be1 Rfd8 20. f3 Nf6 21. g4 c5 1/2-1/2

[Event "CZE-ch U20"]
[Site "Kouty nad Desnou"]
[Date "2018.03.17"]
[Round "11"]
[White "Zeman, Matyas"]
[Black "Stepan, Patrik"]
[Result "0-1"]
[WhiteElo "2240"]
[BlackElo "2226"]
[PlyCount "104"]
[EventDate "2018.03.09"]
[EventType "tourn"]
[EventRounds "11"]
[EventCountry "CZE"]
[SourceTitle "CBM 183 Extra"]
[Source "ChessBase"]
[SourceDate "2018.04.19"]
[SourceVersion "1"]
[SourceVersionDate "2018.04.19"]
[SourceQuality "1"]

1. d4 Nf6 2. Nf3 e6 3. Bf4 b6 4. e3 Bb7 5. Nbd2 d6 6. h3 Nbd7 7. c3 Qe7 8. Bh2 Rg8 9. Qc2 g5 10. 0-0-0 h5 11. e4 g4 12. Ne1 Bh6 13. f3 gxf3 14. gxf3 0-0-0 15. Kb1 Kb8 16. h4 e5 17. Nd3 Nh7 18. Bh3 Nhf8 19. Nc4 exd4 20. cxd4 Ne6 21. d5 Nec5 22. Nb4 Ne5 23. Nxe5 dxe5 24. Qc3 f6 25. Qa3 a5 26. Nc2 Rg7 27. Rhg1 Rdg8 28. Rxg7 Rxg7 29. Rg1 Bf4 30. Rxg7 Qxg7 31. Bxf4 exf4 32. Qc3 Qg3 33. Bf5 Qxh4 34. Nd4 Qh1+ 35. Qc1 Qg2 36. Ne6 Qxf3 37. Qxf4 Qd3+ 38. Kc1 Qc4+ 39. Kb1 Nd3 40. Qd2 Ne5 41. b3 Qf1+ 42. Qc1 Ba6 43. Qxf1 Bxf1 44. Kc2 Nf3 45. Kd1 h4 46. Nf4 Ba6 47. Ne6 Bc8 48. Ke2 Bxe6 49. Kxf3 Bxf5 50. exf5 Kc8 51. Kg4 Kd7 52. Kxh4 Kd6 0-1